El por qué de las cosas / (Registro nro. 11772)

Detalles MARC
000 -LEADER
fixed length control field 00834nam a22002657a 4500
001 - CONTROL NUMBER
control field 000637
003 - CONTROL NUMBER IDENTIFIER
control field DO-SdBNP
005 - DATE AND TIME OF LATEST TRANSACTION
control field 20180305110457.0
007 - PHYSICAL DESCRIPTION FIXED FIELD--GENERAL INFORMATION
fixed length control field 000637
008 - FIXED-LENGTH DATA ELEMENTS--GENERAL INFORMATION
fixed length control field 161103b 1979 sp ||||| |||| 00| 0 spa d
020 ## - INTERNATIONAL STANDARD BOOK NUMBER
International Standard Book Number 8430511229
040 ## - CATALOGING SOURCE
Original cataloging agency BPMSU
Language of cataloging spa
Transcribing agency BPMSU
082 #4 - DEWEY DECIMAL CLASSIFICATION NUMBER
Classification number xxxx
Item number xxxx
100 1# - MAIN ENTRY--PERSONAL NAME
Personal name Junceda, Luis
245 10 - TITLE STATEMENT
Title El por qué de las cosas /
Statement of responsibility, etc. textos: Luis Junceda ; ilustraciones: Grau.
260 ## - PUBLICATION, DISTRIBUTION, ETC. (IMPRINT)
Place of publication, distribution, etc. Madrid :
Name of publisher, distributor, etc. Susaeta,
Date of publication, distribution, etc. 1979.
300 ## - PHYSICAL DESCRIPTION
Extent v. :
Other physical details il. ;
Dimensions 27 cm.
490 1# - SERIES STATEMENT
Series statement Viaje por la ciencia
505 0# - FORMATTED CONTENTS NOTE
Title El cuerpo humano --
-- El mundo --
-- Los animales --
-- Las plantas --
-- La técnica --
-- Urbanidad
700 12 - ADDED ENTRY--PERSONAL NAME
Personal name Grau Santos, Julián,
Dates associated with a name 1937-
Relator term il.
830 #0 - SERIES ADDED ENTRY--UNIFORM TITLE
Uniform title Viaje por la ciencia
942 ## - ADDED ENTRY ELEMENTS (KOHA)
Source of classification or shelving scheme Dewey Decimal Classification
Koha item type Libros
945 ## - LOCAL PROCESSING INFORMATION (OCLC)
a Inventariado, 2018 /LP
956 ## - LOCAL ELECTRONIC LOCATION AND ACCESS (OCLC)
Host name LOPEREZ
Access number 10
Compression information 20161103
Processor of request BPMSU
Existencias
Withdrawn status Lost status Source of classification or shelving scheme Damaged status Not for loan Collection code Home library Current library Date acquired Total Checkouts Full call number Barcode Date last seen Price effective from Koha item type
    Dewey Decimal Classification     Colección Juvenil General Biblioteca Pública Metropolitana Salomé Ureña Biblioteca Pública Metropolitana Salomé Ureña 11/03/2016   BPMSU16110042 11/03/2016 11/03/2016 Libros